| 000 | 00000nam 2200000zi 4500 |
| 001 | 9.933369 |
| 003 | CaOODSP |
| 005 | 20240214152909 |
| 006 | m o d f |
| 007 | cr cn||||||||| |
| 008 | 240202e201804 onc ob f000 0 eng d |
| 040 | |aCaOODSP|beng|erda|cCaOODSP |
| 043 | |an-cn--- |
| 086 | 1 |aHP5-184/2018E-PDF |
| 245 | 00|aAudit of accounts receivable management at the Public Health Agency of Canada. |
| 264 | 1|a[Ottawa] : |bHealth Canada and the Public Health Agency of Canada = Santé Canada et l'Agence de la santé publique du Canada, |cApril 2018. |
| 300 | |a1 online resource (17 pages, 2 unnumbered pages) |
| 336 | |atext|btxt|2rdacontent |
| 337 | |acomputer|bc|2rdamedia |
| 338 | |aonline resource|bcr|2rdacarrier |
| 500 | |aIssued also in French under title: Audit de la gestion des comptes débiteurs à l’Agence de la santé publique du Canada. |
| 504 | |aIncludes bibliographical references. |
| 610 | 20|aPublic Health Agency of Canada|xAuditing. |
| 650 | 0|aAccounts receivable|zCanada|xManagement|xAuditing. |
| 710 | 1 |aCanada. |bHealth Canada, |eissuing body. |
| 710 | 2 |aPublic Health Agency of Canada, |eissuing body. |
| 775 | 08|tAudit de la gestion des comptes débiteurs à l’Agence de la santé publique du Canada.|w(CaOODSP)9.933938 |
| 856 | 40|qPDF|s618 KB|uhttps://publications.gc.ca/collections/collection_2024/aspc-phac/HP5-184-2018-eng.pdf |